000 00520nam a2200121Ia 4500
008 171212s9999 xx 000 0 und d
020 _a9780833051219
100 _aGoulka, Jeremiah;Matthies, Carl;Disley, Emma;Steinberg, Paul
245 _cGoulka, Jeremiah;Matthies, Carl;Disley, Emma;Steinberg, Paul
_aToward a Comparison of DNA Profiling and Databases in the United States and England
260 _bRAND Corporation
_c2010
650 _aEcology & Evolutionary Biology
856 _uwww.jstor.org/stable/10.7249/tr918isec
999 _c352743
_d352743